| 000 | 003630000a22001570004500 | ||
|---|---|---|---|
| 003 | MACL | ||
| 040 | _aMACL | ||
| 090 |
_c46332 _d46330 |
||
| 100 | _aEngle, Janet | ||
| 245 | _a101 Way to Make Studying Easier and Faster | ||
| 260 |
_bIndra Publishing House _c2010 |
||
| 350 | _a175 | ||
| 650 | _aGeneralities | ||
| 942 |
_cBOOK _k080/ENG |
||
| 951 | _o080/ENG BOOK | ||
| 999 |
_c45847 _d45847 |
||